| 000 -NÁVESTIE |
| fixed length control field |
00498nam a22001937i 4500 |
| 001 - EVIDENČNÉ ČÍSLO ZÁZNAMU - Kontrolné číslo |
| control field |
18637 |
| 005 - DÁTUM A ČAS POSLEDNEJ TRANSAKCIE |
| control field |
20251113122022.0 |
| 008 - ÚDAJE S PEVNOU DĹŽKOU – VŠEOBECNÉ INFORMÁCIE |
| fixed length control field |
211002s2021 xo ||||| |||| 00| 0 cze d |
| 020 ## - MEDZINÁRODNÉ ŠTANDARDNÉ ČÍSLO KNIHY (ISBN) |
| Medzinárodné štandardné číslo knihy (ISBN) |
9788022211468 |
| 040 ## - ZDROJ KATALOGIZÁCIE |
| Pôvodná katalogizujúca agentúra |
SMG502 |
| Jazyk katalogizácie |
cze |
| Konvencie popisu |
rda |
| Prepisujúca agentúra |
sk |
| 041 1# - KÓD JAZYKA |
| Kód jazyka textu/zvukovej stopy alebo samostatných nápisov |
cze |
| Kód jazyka originálu a/alebo sprostredkujúcich prekladov textu |
slo |
| 100 1# - OSOBNÉ MENÁ – VŠEOBECNÉ INFORMÁCIE |
| Osobné meno |
Riley, Lucinda |
| -- |
5298 |
| 245 10 - NÁZOV |
| Názov |
Slnečná sestra |
| 264 #1 - VYDAVATEĽSKÉ ÚDAJE, DISTRIBÚCIA ATĎ. - RDA |
| Miesto publikovania, distribúcie atď. |
Bratislava |
| Názov vydavateľa, distibútora atď. |
Tatran |
| Dátum publikovania, distribúcie atď. |
2021 |
| 300 ## - FYZICKÝ POPIS |
| Rozsah |
643 s. |
| 336 ## - TYP OBSAHU |
| Typ obsahu - termín |
text |
| Typ obsahu - kód |
txt |
| Zdroj |
rdacontent |
| 337 ## - TYP MÉDIA |
| Typ média - termín |
bez média |
| Typ média - kód |
n |
| Zdroj |
rdamedia |
| 338 ## - TYP NOSIČA |
| Typ nosiča - termín |
svazek |
| Typ nosiča - kód |
nc |
| Zdroj |
rdacarrier |